Tục chơi Quan Họ (xứ Kinh Bắc) xưa và nay

Trình bày lí thuyết về nghiên cứu quan họ Bắc Ninh. Tìm hiểu lối chơi quan họ xưa và nay ở làng Diềm (Viêm Xá), làng Bịu (Hoài Thị). Phân tích thực trạng và đề xuất kiến nghị để bảo tồn, phát triển văn hoá quan họ nơi đây....

Cijeli opis

Spremljeno u:
Bibliografski detalji
Glavni autor: Đinh, Thị Thanh Huyền
Format: Knjiga
Jezik:Undetermined
Izdano: Hà Nội Mỹ thuật 2017
Teme:
Oznake: Dodaj oznaku
Bez oznaka, Budi prvi tko označuje ovaj zapis!
Thư viện lưu trữ: Trung tâm Học liệu Trường Đại học Cần Thơ
LEADER 00920nam a2200193Ia 4500
001 CTU_226647
008 210402s9999 xx 000 0 und d
082 |a 394.309597 
082 |b H527 
100 |a Đinh, Thị Thanh Huyền 
245 0 |a Tục chơi Quan Họ (xứ Kinh Bắc) xưa và nay 
245 0 |c Đinh Thị Thanh Huyền 
260 |a Hà Nội 
260 |b Mỹ thuật 
260 |c 2017 
520 |a Trình bày lí thuyết về nghiên cứu quan họ Bắc Ninh. Tìm hiểu lối chơi quan họ xưa và nay ở làng Diềm (Viêm Xá), làng Bịu (Hoài Thị). Phân tích thực trạng và đề xuất kiến nghị để bảo tồn, phát triển văn hoá quan họ nơi đây. 
650 |a Trò chơi dân gian,Folk games series 
910 |b dqhieu 
980 |a Trung tâm Học liệu Trường Đại học Cần Thơ